000 00299nam a22001337a 4500
008 181012b xxu||||| |||| 00| 0 eng d
020 _a9780323002042
041 _aeng
080 _216th
_a611
100 _a6
101 _aANA
245 _aAnatomy & Physiology
_cThibodeau, G.A
942 _2udc
_cBK
999 _c49560
_d49560